| LEADER |
01224nam0a2200241 450 |
| 001 |
16840056 |
| 010 |
|
|
|a 978-2-01-704371-3
|b br.
|d 7,9
|
| 100 |
|
|
|a 20180928d2022 u u0frey01 ba
|
| 101 |
1 |
|
|a fre
|c eng
|
| 102 |
|
|
|a FR
|
| 200 |
0 |
|
|a prophétie des ténèbres (La)
|f Rick Riordan
|g traduit de l'anglais (américain) par Mona de Pracontal
|
| 207 |
|
1 |
|a
|
| 210 |
|
|
|a Paris
|b 79 boulevard Saint Germain.
|c LGF
|d 2022
|
| 215 |
|
|
|a 1 vol. (487 p.)
|d 18 cm
|
| 225 |
1 |
|
|a Le livre de poche
|v tome
|
| 300 |
|
|
|a Lexique
|
| 330 |
|
|
|a Je m'appelle Apollon. Pour me punir, Zeus m'a abandonné sur terre dans la peau d'un ado boutonneux. Qui plus est, mortel. Mon but : survivre et regagner l'Olympe. Seulement, entre un empereur romain maléfique déterminé à contrôler les Oracles, des griffons disparus, et deux chasseresses en colère, ce n'est pas gagné. Heureusement, Léo Valdez, jeune demi-dieu, et sa compagne Calypso ont décidé de m'aider.
|
| 461 |
|
0 |
|t Les travaux d'Apollon
|v 2
|
| 700 |
|
0 |
|a Riordan
|b Rick
|f 1964-....
|4 70
|
| 702 |
|
0 |
|a Pracontal
|b Mona de
|4 730
|
| 900 |
|
|
|a Roman Jeunesse
|
| 901 |
|
|
|a Accessible au prêt
|
| 995 |
|
|
|a Bibliothèque
|c Bibliothèque
|f 024022789
|h 024022789
|k J RIO
|o p
|q j
|r az
|e Bibliothèque
|